000 01664nam0a2200349 4500
001 RU\NLR\BIBL_A\022637264
005 20260122120006.0
010 _a978-5-9951-6350-3
_93000
021 _aRU
_bКН-П-25-050394
_9КН-П-25-4875
035 _a(NLR Aleph) 022637264
090 _a13535508
_c13535508
100 _a20251006d2025 b y0rusy50 ca
101 0 _arus
102 _aRU
105 _aa z 000gy
181 0 _ab3
_bxb2e
181 0 _ai2
_baxxe
182 0 _an
200 1 _aСтихи-болтушки. Чтобы ваш малыш заговорил
_eс комментариями логопеда Юлии Ольховской
_e[сборник
_eдля детей до трёх лет]
_fс комментариями [для родителей и вступлением] логопеда Юлии Ольховской
_gхудожник: Евгения Соловьева
203 _aИзображение
_aТекст
_bвизуальные
_cнепосредственные
210 _aМосква
_cСтрекоза
_d2025
215 _a45, [2] с.
_cцв. ил.
_d27
225 1 _aСерия "Счастливое детство"
333 _a0+
606 1 _aДети раннего возраста
_xРазвитие речи
_xИспользование стихов
_92559245
_3RU\NLR\AUTH\661513966
686 1 _aЧ491.31-11речь
702 1 _aОльховская
_bЮ.
_gЮлия
_4210
_4080
702 1 _4440
_aСоловьёва
_bЕ. А.
_cхудожник-иллюстратор
_gЕвгения А.
_9210612
_3RU\NLR\AUTH\770210668
942 _cBOOK
980 _aNB